000 00922na a2200265 4500
001 17106
003 MIRAKIL
005 20181213155124.0
008 161022b tu 000 0
020 _a975193947X
035 _a17106
040 _aMilas
_btur
_cTR-AnCHP
041 _atur
082 _a346.01380263
_bE53ö 2006
090 _a346.01380263 E53ö 2006
110 _aEngelli ve Yaşlı Hizmetleri Genel Müdürlüğü
245 _aÖzürlüler Kanunu ve ilgili mevzuat
_cÖzürlüler İdaresi Başkanlığı ; hazırlayanlar Mustafa Kazkayası...[ve öte.]
260 _aAnkara
_bÖzürlüler İdaresi Başkanlığı
_c2006
300 _a378 s.
_c24 sm.
500 _aKurumun yeni adı: Engelli ve Yaşlı Hizmetleri Genel Müdürlüğü
650 _aEngelliler
_xHukuk ve mevzuat
_zTürkiye
700 _aKazkayası, Mustafa
710 _aÖzürlüler İdaresi Başkanlığı
942 _2ddc
_cBKS
999 _c6934
_d6934